Formula 1 Superlative Edition - Statistics

General Stats
  • This quiz has been taken 27 times
  • The average score is 10 of 20
Answer Stats
Hint Answer % Correct
Driver who has the most starts in F1 Fernando Alonso
100%
Driver with both the most wins and poles Lewis Hamilton
100%
Youngest driver to ever score a podium Max Verstappen
96%
First driver to score 7 driver's championships Michael Schumacher
83%
The most "stupid" driver at the 2019 Azerbaijan Grand Prix Charles Leclerc
75%
Youngest driver to ever score a pole in any race format Kimi Antonelli
71%
Driver with the most Q1 eliminations Lance Stroll
71%
First ever Formula 1 world championship Giuseppe Farina
67%
Driver with the weirdest reason to be fined (scootering on track after practice) Sebastian Vettel
67%
Only driver to win the Triple Crown of Motorsport Graham Hill
58%
Driver with the most penalties in 1 race Esteban Ocon
50%
Driver with the most spins in a single season Nikita Mazepin
42%
Driver with the most grid penalties in 1 race Jenson Button
29%
First and only driver who served a penalty after retiring from a race Sergio Perez
25%
Driver with the most crashes in a season Andrea de Cesaris
21%
The First and only driver to start 24th Narain Karthikeyan
17%
The oldest Formula 1 driver ever to participate in a race Louis Chiron
13%
F1 race with the most red flags 2023 Australia
4%
Driver who has had the most penalties in one season Pastor Maldonado
0%
Driver who has a grid penalty despite never starting a Formula 1 race Robert Shwartzman
0%
No matching quizzes found
Score Distribution
Percent of People with Each Score
Percentile by Number Answered
Your Score History
You have not taken this quiz